Freeze Corleone - Albums - Statistiques

Statistiques générales
  • Ce quiz a été pris 333 fois
  • Le résultat moyen est 5 sur 12
Statistiques - réponses
Réponse % Correct
2020 LMF
96%
2023 ADC
93%
2018 PBB
87%
2016 F.D.T
56%
2017 THC
55%
2012 Vieilles merdes
42%
2022 Riyad Sadio
40%
2011 À la recherche de la daillance
18%
2015 F.F.O
12%
2016 Vieilles merdes vol.II
10%
2014 66.7 Radio
7%
2016 67ème Degré
3%
Aucun quiz correspondant
Distribution des résultats
% des personnes avec chaque résultat
Percentile par nombre de réponses
Votre historique - résultats
Vous n’avez pas pris ce quiz